Cyber Union (Record no. 39342)

MARC details
000 -LEADER
fixed length control field 00618nam a2200169 a 4500
008 - FIXED-LENGTH DATA ELEMENTS--GENERAL INFORMATION
fixed length control field 120416s1999 ||||||||||||||||| || u
020 ## - INTERNATIONAL STANDARD BOOK NUMBER
International Standard Book Number 0765604639
050 ## - LIBRARY OF CONGRESS CALL NUMBER
Classification number HD 6490.C616 Sho
100 ## - MAIN ENTRY--PERSONAL NAME
Personal name Shostak, Arthur B
245 10 - TITLE STATEMENT
Title Cyber Union
246 ## - VARYING FORM OF TITLE
Title proper/short title empowering labor through computer technology
260 ## - PUBLICATION, DISTRIBUTION, ETC.
Place of publication, distribution, etc. New York
Name of publisher, distributor, etc. M. E. Sharpe
Date of publication, distribution, etc. 1999
350 ## - PRICE (NR) (BK AM CF MU VM SE) [OBSOLETE]
Price 0.00
650 ## - SUBJECT ADDED ENTRY--TOPICAL TERM
Topical term or geographic name entry element LABOUR
650 ## - SUBJECT ADDED ENTRY--TOPICAL TERM
Topical term or geographic name entry element LABOUR SUPPLY--EFFECT OF TECHNOLOGICAL INNOVATIONS ON
995 ## - RECOMMENDATION 995 [LOCAL, UNIMARC FRANCE]
-- 0.00
-- CBU-MAIN LIBRARY (Kitwe)
-- 1
-- 12.95
-- 1
-- AVAILABLE
-- Main Library Open Access Collection
Holdings
Withdrawn status Lost status Source of classification or shelving scheme Damaged status Not for loan Home library Current library Shelving location Date acquired Total Checkouts Full call number Barcode Date last seen Price effective from Koha item type
          CBU-MAIN LIBRARY, KITWE. CBU-MAIN LIBRARY, KITWE.   11/30/2022   HD 6490.C616 Sho 028790 11/30/2022 11/30/2022 MONOGRAPH